Hacia la democracia del bicentenario / (Record no. 21362)

000 -CABECERA
fixed length control field 01123nam a22002657a 4500
003 - IDENTIFICADOR DEL NÚMERO DE CONTROL
control field AR-CdUCM
008 - DATOS DE LONGITUD FIJA--INFORMACIÓN GENERAL
fixed length control field 190305b ||||| |||| 00| 0 spa d
020 ## - NÚMERO INTERNACIONAL ESTÁNDAR DEL LIBRO
ISBN 9789972263989
040 ## - FUENTE DE LA CATALOGACIÓN
Agencia/entidad que catalogó originalmente la obra MUNICIPALIDAD PROVINCIAL DEL CUSCO
Entidad que transcribió la catalogación BIBLIOTECA MUNICIPAL DEL CUSCO
082 ## - NÚMERO DE LA CLASIFICACIÓN DECIMAL DEWEY
No. de Clasificación 321.8/C20
Notacion interna C20
110 ## - ENTRADA PRINCIPAL--NOMBRE DE ENTIDAD CORPORATIVA
Nombre de la institución, jurisdicción como entrada principal Comisión de Alto Nivel para la Reforma Política
9 (RLIN) 44551
245 ## - MENCIÓN DE TÍTULO
Título Hacia la democracia del bicentenario /
260 ## - PUBLICACIÓN, DISTRIBUCIÓN, ETC.
Lugar de publicación, distribución, etc. Lima ;
Nombre de la editorial, distribuidor, etc. KAS,
Fecha de publicación, distribución, etc. 2019.
300 ## - DESCRIPCIÓN FÍSICA
Nº de Páginas Extensión 427 Páginas. :
Dimensiones 23 cm.
505 ## - NOTA DE CONTENIDO CON FORMATO
Nota de contenido formateada Contenido: Diagnostico del funcionamiento de la política peruana -- Proyecto de ley de reforma constitucional para promover gobernabilidad -- Proyecto de ley que modifica la ley orgánica de elecciones respecto al sistema electoral nacional ...
650 ## - PUNTO DE ACCESO ADICIONAL DE MATERIA--TÉRMINO DE MATERIA
Descriptor Democracia peruana
9 (RLIN) 44552
650 ## - PUNTO DE ACCESO ADICIONAL DE MATERIA--TÉRMINO DE MATERIA
Descriptor Reforma constitucional
9 (RLIN) 44553
650 ## - PUNTO DE ACCESO ADICIONAL DE MATERIA--TÉRMINO DE MATERIA
Descriptor Organizaciones políticas
9 (RLIN) 44554
650 ## - PUNTO DE ACCESO ADICIONAL DE MATERIA--TÉRMINO DE MATERIA
Descriptor Legislación electoral
9 (RLIN) 44555
700 ## - PUNTO DE ACCESO ADICIONAL--NOMBRE DE PERSONA
Nombre Personal Tuesta Soldevilla, Fernando
9 (RLIN) 44556
700 ## - PUNTO DE ACCESO ADICIONAL--NOMBRE DE PERSONA
Nombre Personal Bensa Morales, Jessica Violeta
9 (RLIN) 44557
700 ## - PUNTO DE ACCESO ADICIONAL--NOMBRE DE PERSONA
Nombre Personal Campos Ramos, Milagros
9 (RLIN) 44558
942 ## - ELEMENTOS DE PUNTO DE ACCESO ADICIONAL (KOHA)
Fuente de clasificación
Tipo de item Libros-BMC
945 ## - PROCESAMIENTO DE INFORMACIÓN LOCAL (OCLC)
Catalogador Roel
Holdings
Estado de retiro (separado) Fuente de clasificación o esquema de estanterías Estado dañado Ubicación Sala donde se ubica Nombre de la colección Fecha de adquisición o compra Fuente de adquisición Costo, precio normal en soles Signatura topográfica Código de Barras Última vez visto (Koha) Tipo de ítem (Koha)
No     Sala Humanidades Sala Humanidades Book Cart 2020-03-02 Donación 10.00 321.8/C20 SH0000015725 2020-03-02 Libros-BMC

Powered by Koha